| 000 | 00760cab a2200253 4500 | ||
|---|---|---|---|
| 001 | WB2703-08 | ||
| 008 | 090401t1991 xxu||||| |||| 00| 0 eng d | ||
| 035 | _a(Sirsi) u74171 | ||
| 041 | _aeng | ||
| 245 | _aMove on nature site homes criticised | ||
| 260 | _c1991 | ||
| 350 | _a0 | ||
| 490 |
_aIndependent _v12/1/91 p6 |
||
| 520 | _aConcessions by Government over plans to build luxury homes on heathland in Dorset are criticised by conservationists as "too little, too late". | ||
| 650 | _aCANFORD HEATH | ||
| 650 | _aDEVELOPMENT | ||
| 650 | _aPOOLE BC | ||
| 650 | _aSITES OF SPECIAL SCIENTIFIC INTEREST | ||
| 650 | _aWILDLIFE AND COUNTRYSIDE ACT 1981 | ||
| 650 | _aWORLD WILDLIFE FUND | ||
| 690 | _aCON | ||
| 942 | _n0 | ||
| 948 | _c04/03/1997 | ||
| 999 |
_c46820 _d46820 |
||